| 000 | 00512cam a22001932 4500 | ||
|---|---|---|---|
| 001 | 0000002497 | ||
| 005 | 20151217155203.0 | ||
| 008 | 070412s xx 000 0 eng d | ||
| 040 |
_aKABU _cKABU |
||
| 050 | 0 |
_aHF5635 _b.E34 |
|
| 100 | 1 |
_aEdey, Harold C. _@0000151867 |
|
| 245 | 1 | 0 | _aIntroduction to accounting. |
| 260 |
_aLondon : _bHutchinson, _c1963. |
||
| 300 | _a184 p. | ||
| 650 | 0 |
_aAccounting. _@0000148321 |
|
| 908 | _a070412 | ||
| 950 | _@1 | ||
| 999 |
_c11863 _d11863 |
||